000 01067nam a2200325 i 4500
003 OSt
005 20200728121143.0
008 200728t20192019enkabo b e 001 0 eng d
020 _a9781465474513
_cRM93.95
_qpaperback
040 _aPPAK
_beng
_cPPAK
_erda
082 0 4 _223
_a032.02
090 0 0 _a032.02
_bNEW
_dRK
245 1 4 _aTHE NEW Children's Encyclopedia /
250 _aNew edition, Third edition.
264 1 _aLondon :
_bDorling Kindersley,
_c[2019]
264 4 _c©2019
300 _a304 pages :
_bcolour illustrations, colour photographs, colour maps ;
_c27 cm
336 _2rdacontent
_atext
337 _2rdamedia
_aunmediated
338 _2rdacarrier
_avolume
490 1 _aDK SMITHSONIAN
500 _8
_a "Packed with thousands of facts, stats, and illustrations" -- Cover.
500 _aIncludes index.
500 _a"Fully revised and updated" -- Cover.
521 1 _aPrimary school age.
650 1 0 _aChildren's encyclopedias and dictionaries
650 2 0 _aCuriosities and wonders
830 0 _aDK Smithsonian
942 _2ddc
_cB
999 _c178379
_d178379